| Tag |
First Indicator |
Second Indicator |
Subfields |
| LEADER |
00000cam a2200000 4500 |
| 001 |
in00001818656 |
| 005 |
20151026054949.0 |
| 008 |
741022s1969 hiua b 000 0 eng |
| 010 |
|
|
|a 72629911
|
| 035 |
|
|
|a (OCoLC)ocm01173693
|
| 040 |
|
|
|a DLC
|c DLC
|d TXA
|d UtOrBLW
|
| 043 |
|
|
|a pn-----
|
| 049 |
|
|
|a TXAM
|
| 050 |
0 |
0 |
|a QE500
|b .H35 no. 69-1
|a GC211
|
| 082 |
0 |
|
|a 551/.08 s
|a 551.7/01/028
|
| 100 |
1 |
|
|a Düing, Walter.
|
| 245 |
1 |
0 |
|a Recording internal waves with a pycnocline follower ;
|b final report.
|
| 264 |
|
1 |
|a [Honolulu] :
|b [Hawaii Institute of Geophysics, University of Hawaii],
|c 1969.
|
| 300 |
|
|
|a iii, 36 pages :
|b illustrations ;
|c 28 cm.
|
| 336 |
|
|
|a text
|b txt
|2 rdacontent
|
| 337 |
|
|
|a unmediated
|b n
|2 rdamedia
|
| 338 |
|
|
|a volume
|b nc
|2 rdacarrier
|
| 490 |
1 |
|
|a HIG ;
|v 69-1
|
| 504 |
|
|
|a Bibliography: page 36.
|
| 650 |
|
0 |
|a Internal waves.
|
| 650 |
|
0 |
|a Water masses
|z North Pacific Ocean.
|
| 830 |
|
0 |
|a HIG (Series) ;
|v 69-1.
|
| 948 |
|
|
|a cataloged
|b h
|c 2004/4/27
|d c
|e mphillip
|f 1:19:28 pm
|
| 994 |
|
|
|a E0
|b TXA
|
| 999 |
|
|
|a MARS
|
| 999 |
f |
f |
|s a1db2d72-9136-3cf1-a9be-eb80fe43f300
|i 8a36038e-f51b-3e73-b652-8b9d29d99be8
|t 0
|
| 952 |
f |
f |
|p ric
|a Texas A&M University
|b Rellis Campus
|c Joint Library Facility
|s JLF
|d Remote Storage
|t 0
|e QE500 .H35 no.69-1
|h Library of Congress classification
|i unmediated -- volume
|m A14831136328
|
| 998 |
f |
f |
|a QE500 .H35 no.69-1
|t 0
|l Remote Storage
|